Acciones para la mejora del rendimiento académico a través de la autoevaluación en el aula virtual. (Record no. 172811)
[ view plain ]
| 000 -CABECERA | |
|---|---|
| campo de control de longitud fija | 01470nab a2200337 a 4500 |
| 005 - FECHA Y HORA DE LA ÚLTIMA TRANSACCIÓN | |
| campo de control | 20210219162246.0 |
| 008 - ELEMENTOS DE LONGITUD FIJA--INFORMACIÓN GENERAL | |
| campo de control de longitud fija | 991125s1985 mx 000 0 spa u |
| 035 ## - NÚMERO DE CONTROL DEL SISTEMA | |
| Número de control de sistema | UPN01000200710 |
| 049 ## - COLECCIÓN | |
| Colección | ART-E |
| 100 1# - ASIENTO PRINCIPAL--NOMBRE PERSONAL | |
| Nombre de persona | Mallén Broch, Francisco Fermín |
| 100 1# - ASIENTO PRINCIPAL--NOMBRE PERSONAL | |
| Filiación | fmallen@uji.es |
| 100 1# - ASIENTO PRINCIPAL--NOMBRE PERSONAL | |
| Nombre de persona | Domínguez Escrig, Emilio |
| 100 1# - ASIENTO PRINCIPAL--NOMBRE PERSONAL | |
| Filiación | edomingu@uji.es |
| 222 00 - TÍTULO CLAVE | |
| Título clave | EDUTEC : |
| Información calificativa | REVISTA ELECTRONICA DE TECNOLOGIA EDUCATIVA |
| 245 00 - MENCIÓN DE TÍTULO | |
| Título | Acciones para la mejora del rendimiento académico a través de la autoevaluación en el aula virtual. |
| 260 ## - PUBLICACIÓN, DISTRIBUCIÓN, ETC. | |
| Lugar de publicación, distribución, etc. | España |
| 300 ## - DESCRIPCIÓN FÍSICA | |
| Extensión | 1-12 |
| 362 0# - FECHAS DE PUBLICACIÓN Y/O DESIGNACIÓN SECUENCIAL | |
| Fecha de publicación y/o designación secuencial | 2014 No. 48, jun. |
| 336 ## - TIPO DE CONTENIDO | |
| Término de tipo de contenido | texto$2rdacontent |
| 337 ## - TIPO DE MEDIO | |
| Nombre/término del tipo de medio | computadora$2rdamedia |
| 338 ## - TIPO DE SOPORTE | |
| Nombre/término del tipo de soporte | recurso en linea$2rdacarrier |
| 520 3# - NOTA DE RESUMEN, ETC. | |
| Sumario, etc. | Este artículo presenta una experiencia de innovación docente que intenta favorecer la autoevaluación entre el alumnado a través de la utilización de cuestionarios en el aula virtual. El objetivo de este proyecto es medir la comprensión de los contenidos y los objetivos de una asignatura, resolver dificultades que aparecen en el proceso de aprendizaje y mejorar las tasas de rendimiento académico. |
| 653 0# - TERMINO DE INDIZACION - NO CONTROLADO | |
| Término no controlado | AUTOEVALUACION |
| 653 0# - TERMINO DE INDIZACION - NO CONTROLADO | |
| Término no controlado | INNOVACION DOCENTE |
| 653 0# - TERMINO DE INDIZACION - NO CONTROLADO | |
| Término no controlado | MOODLE |
| 653 0# - TERMINO DE INDIZACION - NO CONTROLADO | |
| Término no controlado | CUESTIONARIOS |
| 653 0# - TERMINO DE INDIZACION - NO CONTROLADO | |
| Término no controlado | TEST DE RESPUESTA MULTIPLE |
| 856 4# - LOCALIZACIÓN Y ACCESO ELECTRÓNICOS | |
| Identificador Uniforme del Recurso | <a href="http://edutec.rediris.es/Revelec2/Revelec48/pdf/Edutec-e_n48_Mallen-Dominguez.pdf">http://edutec.rediris.es/Revelec2/Revelec48/pdf/Edutec-e_n48_Mallen-Dominguez.pdf</a> |
| 905 ## - TIPO DE MATERIAL | |
| Tipo de material | Articulo |
No items available.
